| 000 | 00828nam a2200253 a 4500 | ||
|---|---|---|---|
| 001 | 000001571 | ||
| 003 | DO-SdBNP | ||
| 005 | 20260224094453.0 | ||
| 007 | ta | ||
| 008 | 090623s2019 dr 000 0 spa d | ||
| 020 | _a9789945914399 | ||
| 020 | _a9789945406337 | ||
| 040 |
_aDO-SdBNP _bspa _cBNPHU |
||
| 082 |
_axxx _bR426p |
||
| 110 |
_aRepública Dominicana. _bMinisterio de Medio Ambiente y Recursos Naturales _966969 |
||
| 245 | 1 | 4 | _aPlan nacional de emergencia con sustancias NBQRE |
| 260 |
_aSanto Domingo : _bCentro de Operaciones de Emergencias, COE, _c2019. |
||
| 300 |
_a104 p. : _c25 cm. _bil. ; |
||
| 590 | _aInventariado, 2022 / DG | ||
| 650 | 0 |
_aDerechos del niño _95135 |
|
| 710 |
_aRepública Dominicana. _bMinisterio de Medio Ambiente y Recursos Naturales _966969 |
||
| 910 | _aDG | ||
| 942 |
_2ddc _cLBS1 |
||
| 999 |
_c51959 _d51959 |
||